000 00519nam a2200169 i 4500
001 90527
003 ES-MaACL
005 20230906180453.0
007 t|
008 050121m19591960it ||||1| ita d
100 1 _aLecaldano, Paolo.
_971044
245 1 2 _aI grandi maestri della pittura italiana dell'ottocento /
_ca cura di Paolo Lecaldano.
260 _a[Milano] :
_bRizzoli,
_c1959-60.
300 _a2 v., 230 lám. ;
_c35 cm.
852 _aES-MaACL
_jB-8089-90
_bR.45458
852 _aES-MaACL
_jP-1058
_z.- (1 vol.)
999 _c90527
_d90527